| 000 | 00797cab a2200253 4500 | ||
|---|---|---|---|
| 001 | WB3411-43 | ||
| 008 | 090401t1998 xxu||||| |||| 00| 0 eng d | ||
| 035 | _a(Sirsi) u85068 | ||
| 041 | _aeng | ||
| 245 | _aSinking house | ||
| 260 | _c1998 | ||
| 350 | _a0 | ||
| 490 |
_aTimes _v18 March 1998, 44(2) |
||
| 520 | _aReports on the plight of a couple who discovered their home was rapidly sinking into the ground and of their unsuccessful attempts to persuade the NHBC to pay for repairs to the property, despite the house being covered by their warranty. | ||
| 650 | _aBUILDMARK WARRANTY | ||
| 650 | _aHOUSING DEFECTS | ||
| 650 | _aNEW HOMES | ||
| 650 | _aNHBC WARRANTY | ||
| 650 | _aNHBC | ||
| 650 | _aSUBSIDENCE | ||
| 690 |
_aINSURANCE _96249 |
||
| 942 | _n0 | ||
| 948 | _c19/03/1998 | ||
| 999 |
_c53485 _d53485 |
||